01009cam a2200313 a 450000100090000000300040000900500170001300800410003001000170007102000180008802500270010603500220013303700630015504000180021804200100023604300120024605000240025808200190028210000180030124500740031925000120039326000610040530000290046650000330049550400680052865100380059665100360063470000250067012777920OSt20191221110955.0020312s2002 ii bs 001 0 eng  a 2002301187 a9780195678574 aI-E-2002-301187; 79-92 a(DLC) 2002301187 bLibrary of Congress -- New Delhi Overseas OfficecRs395.00 aDLCcDLCdDLC alcode aa-ii---00aHC435.2b.D726 2002 a338.954bDRE/I aDreze, Jean 10aIndia, development and participation /cJean Drèze and Amartya Sen. a2nd ed. aNew Delhi ;aNew York :bOxford University Press,c2002. axxviii, 512 p. ;c23 cm. aIncludes statistical tables. aIncludes bibliographical references (p. [415]-478) and indexes. 0aIndiaxEconomic conditionsy1947- 0aIndiaxSocial conditionsy1947-1 aSen, Amartya,d1933-